Poems, on various subjects, by William Job, gardener, Clifton, near Bristol.

Bibliographic Details
Main Author: Job, William
Corporate Author: Gale (Firm)
Format: eBook
Language:English
Published: Bristol : Printed for the author, In the year M,DCC,LXXXV. [1785]
Subjects:
Online Access:Connect to the full text of this electronic book

MARC

Tag First Indicator Second Indicator Subfields
LEADER 00000cam a2200000 4500
001 in00003824542
005 20190415190403.0
006 m o d
007 cr |n||||||||n
008 901210s1785 enk|||| o 00||||eng c
035 |a (CU-RivES)T202573 
035 |a (Uk-ES)006297105 
035 |a (OCoLC)509732197 
040 |a Uk-ES  |c Uk-ES  |d CStRLIN  |d Cengage Gale  |d UtOrBLW 
100 1 |a Job, William.  |0 http://id.loc.gov/authorities/names/nr92028926 
245 1 0 |a Poems, on various subjects, by William Job, gardener, Clifton, near Bristol. 
264 1 |a Bristol :  |b Printed for the author,  |c In the year M,DCC,LXXXV. [1785] 
300 |a 1 online resource (ix, 1 unnumbered page, 84 pages)  
336 |a text  |b txt  |2 rdacontent 
337 |a computer  |b c  |2 rdamedia 
338 |a online resource  |b cr  |2 rdacarrier 
510 4 |a English Short Title Catalog,  |c T202573. 
500 |a Reproduction of original from Cambridge University Library. 
500 |a Electronic resource. 
650 0 |a English poetry  |y 18th century.  |0 http://id.loc.gov/authorities/subjects/sh85043936 
655 7 |a Electronic books.  |2 local 
655 7 |a Advertisements.  |2 rbgenr 
710 2 |a Gale (Firm)  |0 http://id.loc.gov/authorities/names/no2008071348 
752 |a Great Britain  |b England  |d Bristol. 
856 4 0 |u http://proxy.library.tamu.edu/login?url=http://find.galegroup.com/ecco/infomark.do?contentSet=ECCOArticles&docType=ECCOArticles&bookId=1563701300&type=getFullCitation&tabID=T001&prodId=ECCO&docLevel=TEXT_GRAPHICS&version=1.0&source=library&userGroupName=txshracd2898  |z Connect to the full text of this electronic book  |t 0 
999 f f |s 59435ea0-8692-3393-b967-3060ce3335b4  |i a1f6c7a2-9cf4-3dde-8d7e-9ba7ee85dff0  |t 0 
952 f f |a Texas A&M University  |b College Station  |c Electronic Resources  |d Available Online  |t 0  |h No information provided 
998 f f |t 0  |l Available Online